Land and labour in indian agriculture: (Record no. 181597)

MARC details
000 -LEADER
fixed length control field 00654nam a22001937a 4500
005 - DATE AND TIME OF LATEST TRANSACTION
control field 20210924144939.0
010 ## - LCCN (DPL NO)
LC control number ENG-129966
020 ## - INTERNATIONAL STANDARD BOOK NUMBER
Terms of availability 1350.00
International Standard Book Number 978-93-5388-734-6
035 ## - SYSTEM CONTROL NUMBER
System control number EN-113498
037 ## - SOURCE OF ACQUISITION
Source of stock number/acquisition DBAD/PUB
082 ## - DEWEY DECIMAL CLASSIFICATION NUMBER
Classification number 331.7630
245 ## - TITLE STATEMENT
Title Land and labour in indian agriculture:
Statement of responsibility, etc Edited by Prashant K. Trivedi
Remainder of title Discourses on Growth and Equity/
260 ## - PUBLICATION, DISTRIBUTION, ETC. (IMPRINT)
Name of publisher, distributor, etc Sage
Date of publication, distribution, etc 2021
270 ## - ADDRESS
City New Delhi
Address BI/1-1 Mohan Cooperative Industrial Area
Postal code 110044
300 ## - PHYSICAL DESCRIPTION
Extent xv,347p.
Dimensions 25cm (hbk)
500 ## - GENERAL NOTE
General note include index<br/>series editor Manoranjan Mohanty
700 ## - ADDED ENTRY--PERSONAL NAME
Personal name Trivedi, Prashanat K.
942 ## - ADDED ENTRY ELEMENTS (KOHA)
Source of classification or shelving scheme Dewey Decimal Classification
Item type English Books
Call number suffix LAN
Classification part 331.7630
Holdings
Withdrawn status Lost status Not for loan Collection code Home library Current library Date acquired Source of acquisition Cost, normal purchase price Full call number Barcode Copy number Cost, replacement price Koha item type
      Non-fiction Shahdara Branch Shahdara Branch 24/09/2021 DBAD/PUB 1350.00 331.7630 LAN EN-113498 1 1350.00 English Books

© Delhi Public Library
Hit Counter
free hit counter